[Event "Australasian Masters GM"]
[Site "Melbourne"]
[Date "2014.12.13"]
[Round "1.1"]
[White "Illingworth, Max"]
[Black "Kazhgaleyev, Murtas"]
[Result "0-1"]
[WhiteElo "2493"]
[BlackElo "2576"]
[PlyCount "72"]
[EventDate "2014.12.??"]
[EventType "tourn"]
[EventRounds "9"]
[EventCountry "AUS"]
[SourceDate "2014.12.14"]

1. d4 Nf6 2. c4 e6 3. g3 d5 4. Nf3 Bb4+ 5. Bd2 a5 6. Qc2 O-O 7. Bg2 c5 8. cxd5
cxd4 9. Nxd4 Qb6 10. e3 exd5 11. Nc3 Nc6 12. Nxc6 bxc6 13. O-O Be6 14. Rac1
Rfd8 15. a3 Be7 16. Na4 Qb5 17. Nc5 Rdc8 18. Nxe6 fxe6 19. Bh3 Kf7 20. f3 c5
21. e4 d4 22. a4 Qa6 23. b3 Rab8 24. Bf4 Rb4 25. Rfe1 Qb6 26. Bf1 c4 27. Bxc4
d3+ 28. Qf2 Bc5 29. Be3 Bxe3 30. Rxe3 Rxb3 31. Qd2 Rb1 32. Bxe6+ Kxe6 33. Qa2+
Rb3 34. Kg2 Rxc1 35. Rxd3 Qg1+ 36. Kh3 Qf1+ 0-1

[Event "Australasian Masters GM"]
[Site "Melbourne"]
[Date "2014.12.13"]
[Round "1.2"]
[White "Ikeda, Junta"]
[Black "Zelesco, Karl"]
[Result "1-0"]
[WhiteElo "2418"]
[BlackElo "2256"]
[PlyCount "87"]
[EventDate "2014.12.??"]
[EventType "tourn"]
[EventRounds "9"]
[EventCountry "AUS"]
[SourceDate "2014.12.14"]

1. b3 e5 2. Bb2 Nc6 3. e3 Nf6 4. Bb5 Bd6 5. Na3 Na5 6. Be2 c6 7. c4 O-O 8. c5
Bxc5 9. Nc2 Nd5 10. Bxe5 b6 11. Nf3 Nb7 12. O-O Re8 13. e4 Nc7 14. d4 Bf8 15.
Bd3 d6 16. Bg3 Bg4 17. Ne3 Bh5 18. Qc2 Bxf3 19. gxf3 h5 20. h4 Rc8 21. Qxc6 Na5
22. Qa4 Ne6 23. Bb5 Re7 24. b4 Nb7 25. Nf5 g6 26. Nxe7+ Bxe7 27. Bd7 b5 28.
Qxb5 Nxd4 29. Qxb7 Rc7 30. Qd5 Ne2+ 31. Kg2 Bxh4 32. Qd2 Nc3 33. Bh3 Bxg3 34.
fxg3 Qf6 35. Rac1 h4 36. Rfd1 Rc6 37. b5 Qe5 38. bxc6 Qxg3+ 39. Kh1 Nxd1 40.
Rxd1 Qxh3+ 41. Kg1 Qxf3 42. Rf1 Qxe4 43. Qf4 Qd5 44. Qxf7+ 1-0

[Event "Australasian Masters GM"]
[Site "Melbourne"]
[Date "2014.12.13"]
[Round "1.3"]
[White "Papin, Vasily"]
[Black "Cheng, Bobby"]
[Result "1-0"]
[WhiteElo "2502"]
[BlackElo "2435"]
[PlyCount "279"]
[EventDate "2014.12.??"]
[EventType "tourn"]
[EventRounds "9"]
[EventCountry "AUS"]
[SourceDate "2014.12.14"]

1. c4 g6 2. g3 Bg7 3. Bg2 c6 4. Nc3 Nf6 5. e4 d5 6. cxd5 cxd5 7. exd5 O-O 8.
Nge2 Na6 9. O-O Bf5 10. a3 Nc5 11. d4 Nd3 12. Be3 Nxb2 13. Qb3 Qb6 14. Qa2 Nd3
15. h3 h5 16. Rfd1 Rac8 17. Rd2 Rc7 18. Rad1 Qa6 19. Qb3 Rfc8 20. Bf1 e5 21.
dxe6 Bxe6 22. Qb1 Rxc3 23. Nxc3 Rxc3 24. Rxd3 Qxa3 25. d5 Rxd3 26. Rxd3 Bf5 27.
Rxa3 Bxb1 28. Bxa7 Nxd5 29. Rb3 Ba2 30. Rxb7 Nc3 31. Rc7 Be6 32. Bg2 Nb5 33.
Rb7 Nxa7 34. Rxa7 Bd4 35. Ra5 Kg7 36. Rb5 Kf6 37. h4 Be5 38. Bd5 Bxd5 39. Rxd5
Ke6 40. Rb5 Bd4 41. Kg2 Kf6 42. Rd5 Ba7 43. Kf3 Kg7 44. Rd2 Kf6 45. Ke4 Bb8 46.
Rd7 Ke6 47. Rb7 Bd6 48. Rb6 Ke7 49. Kd5 Ba3 50. Rb3 Bc1 51. Ke5 Bh6 52. Rb7+
Kf8 53. Kd6 Bd2 54. Kd7 Be1 55. Rb2 Bc3 56. Rb8+ Kg7 57. Ke8 f5 58. Rb7+ Kg8
59. Rc7 Bd4 60. Rc2 Kg7 61. Ke7 Bf6+ 62. Ke6 Bd4 63. Rd2 Bc3 64. Rd7+ Kg8 65.
Rc7 Bd4 66. Rc2 Kg7 67. Rd2 Bc3 68. Rd3 Bb2 69. f3 Ba1 70. Kd5 Bf6 71. Rb3 Ba1
72. Ke6 Bd4 73. Rb4 Bc3 74. Rb7+ Kg8 75. Rf7 Bd4 76. Rb7 Bc3 77. Rb3 Bd4 78.
Rd3 Bb2 79. Ke7 Be5 80. Ke6 Bb2 81. Rd1 Kg7 82. Rg1 Bd4 83. Rg2 Bc3 84. Kd5 Bf6
85. Rc2 Ba1 86. Rc6 Bb2 87. Rc7+ Kg8 88. Ke6 Bd4 89. Rc4 Bb2 90. g4 fxg4 91.
fxg4 hxg4 92. Rxg4 Kh7 93. Kf7 Kh6 94. Rxg6+ Kh5 95. Rg2 Bd4 96. Rh2 Be5 97.
Rh1 Bg3 98. Kf6 Bc7 99. Kf5 Bd6 100. Rd1 Bc5 101. Rc1 Bf2 102. Kf4 Ba7 103. Kg3
Bb8+ 104. Kh3 Bd6 105. Rd1 Ba3 106. Rb1 Bf8 107. Rb5+ Kg6 108. Kg4 Bh6 109.
Rb6+ Kg7 110. Kf5 Bd2 111. Rg6+ Kh7 112. Rd6 Bc1 113. Rd3 Kg7 114. Rd7+ Kh6
115. Rc7 Be3 116. Rc8 Kg7 117. Rc3 Bd2 118. Rd3 Bc1 119. h5 Kh7 120. Kg4 Kg7
121. Rd7+ Kf6 122. Rc7 Bd2 123. Rc2 Be3 124. Kf3 Bh6 125. Rg2 Kf5 126. Rg6 Bf8
127. Rg2 Bh6 128. Rg8 Bc1 129. Rc8 Bh6 130. Rg8 Bc1 131. Kg3 Bd2 132. Kh3 Be3
133. Rg2 Bc1 134. Rc2 Bh6 135. Rg2 Bc1 136. Rg6 Bb2 137. Rc6 Kg5 138. h6 Bf6
139. h7 Bg7 140. Rc8 1-0

[Event "Australasian Masters GM"]
[Site "Melbourne"]
[Date "2014.12.13"]
[Round "1.4"]
[White "Li, Luke"]
[Black "Smirnov, Anton"]
[Result "0-1"]
[WhiteElo "2342"]
[BlackElo "2420"]
[PlyCount "74"]
[EventDate "2014.12.??"]
[EventType "tourn"]
[EventRounds "9"]
[EventCountry "AUS"]
[SourceDate "2014.12.14"]

1. d4 Nf6 2. c4 g6 3. Nc3 d5 4. Nf3 Bg7 5. Qb3 dxc4 6. Qxc4 O-O 7. e4 Na6 8.
Be2 c5 9. d5 e6 10. O-O exd5 11. exd5 Bf5 12. Rd1 Qb6 13. h3 Rfe8 14. g4 Bd7
15. Be3 h5 16. Ng5 hxg4 17. hxg4 Qd6 18. Bf4 Qf8 19. Bg3 Bh6 20. Bh4 b5 21. Qf4
Qg7 22. Qd6 b4 23. Bxa6 bxc3 24. bxc3 Bxg5 25. Bxg5 Ne4 26. Qxd7 Nxg5 27. Rd3
Qf6 28. Qc6 Qf4 29. Rg3 Ne4 30. Rg2 Rad8 31. Re1 Qd2 32. Re3 Kg7 33. Bf1 Ng5
34. Rgg3 Rh8 35. c4 Qd1 36. Qc7 Rh1+ 37. Kxh1 Qxf1+ 0-1

[Event "Australasian Masters GM"]
[Site "Melbourne"]
[Date "2014.12.13"]
[Round "1.5"]
[White "Ly, Moulthun"]
[Black "Khusnutdinov, Rustam"]
[Result "0-1"]
[WhiteElo "2463"]
[BlackElo "2472"]
[PlyCount "52"]
[EventDate "2014.12.??"]
[EventType "tourn"]
[EventRounds "9"]
[EventCountry "AUS"]
[SourceDate "2014.12.14"]

1. e4 c5 2. Nf3 d6 3. d4 cxd4 4. Qxd4 Nc6 5. Bb5 Bd7 6. Bxc6 Bxc6 7. c4 f5 8.
Nc3 e5 9. Qe3 fxe4 10. Ng5 Nf6 11. O-O Be7 12. b4 d5 13. b5 d4 14. Qg3 dxc3 15.
bxc6 bxc6 16. Qxc3 Qd4 17. Bb2 Qxc3 18. Bxc3 h6 19. Nh3 Bd6 20. Rfe1 O-O-O 21.
Kf1 Rhe8 22. f3 exf3 23. gxf3 e4 24. fxe4 Nxe4 25. Bxg7 Nd2+ 26. Kf2 Bc5+ 0-1

[Event "Australasian Masters GM"]
[Site "Melbourne"]
[Date "2014.12.14"]
[Round "2.1"]
[White "Kazhgaleyev, Murtas"]
[Black "Khusnutdinov, Rustam"]
[Result "1/2-1/2"]
[WhiteElo "2576"]
[BlackElo "2472"]
[PlyCount "35"]
[EventDate "2014.12.??"]
[EventType "tourn"]
[EventRounds "9"]
[EventCountry "AUS"]
[SourceDate "2014.12.14"]

1. Nf3 d5 2. g3 Nf6 3. Bg2 c6 4. O-O Bg4 5. b3 Nbd7 6. Bb2 e6 7. d3 Be7 8. Nbd2
O-O 9. c4 a5 10. a3 Qb8 11. Rc1 Rc8 12. Rc2 Ne8 13. Qa1 Bf6 14. Rfc1 Qa7 15.
Bxf6 Nexf6 16. h3 Bh5 17. cxd5 exd5 18. Qb2 1/2-1/2

[Event "Australasian Masters GM"]
[Site "Melbourne"]
[Date "2014.12.14"]
[Round "2.2"]
[White "Smirnov, Anton"]
[Black "Ly, Moulthun"]
[Result "1-0"]
[WhiteElo "2420"]
[BlackElo "2463"]
[PlyCount "53"]
[EventDate "2014.12.??"]
[EventType "tourn"]
[EventRounds "9"]
[EventCountry "AUS"]
[SourceDate "2014.12.14"]

1. e4 c5 2. Nf3 e6 3. d4 cxd4 4. Nxd4 Nc6 5. Nc3 Qc7 6. Be3 a6 7. Qf3 Nf6 8.
O-O-O Be7 9. Kb1 O-O 10. g4 d5 11. exd5 Ne5 12. Qg3 Bd6 13. Qg2 Nexg4 14. dxe6
fxe6 15. Be2 Nxe3 16. fxe3 Bb4 17. Ne4 Nd5 18. Ng5 Qe5 19. Bd3 h6 20. Ngf3 Qf6
21. Qe2 b5 22. Rhg1 Kh8 23. Rg6 Qe7 24. Ne5 Rf6 25. Rdg1 Bd6 26. Qh5 Bxe5 27.
Qxh6+ 1-0

[Event "Australasian Masters GM"]
[Site "Melbourne"]
[Date "2014.12.14"]
[Round "2.3"]
[White "Cheng, Bobby"]
[Black "Li, Luke"]
[Result "1/2-1/2"]
[WhiteElo "2435"]
[BlackElo "2342"]
[PlyCount "131"]
[EventDate "2014.12.??"]
[EventType "tourn"]
[EventRounds "9"]
[EventCountry "AUS"]
[SourceDate "2014.12.14"]

1. Nf3 d5 2. g3 Nf6 3. Bg2 e6 4. O-O c5 5. b3 Nc6 6. Bb2 Bd6 7. d3 O-O 8. Nbd2
e5 9. e4 d4 10. a4 Rb8 11. Bc1 a6 12. Nc4 Bc7 13. a5 Be6 14. Bd2 h6 15. Kh1 Kh7
16. Qe1 Rg8 17. Ng1 g5 18. Qe2 Nd7 19. f4 f6 20. Bh3 g4 21. Bg2 Qe7 22. f5 Bxc4
23. dxc4 Rbf8 24. Ra4 Ndb8 25. Rfa1 Bd6 26. Qd1 Nb4 27. Ne2 N8c6 28. Nc1 h5 29.
Kg1 Kg7 30. Bf1 Kf7 31. Be2 Rh8 32. Nd3 Ke8 33. Nf2 Rfg8 34. Kg2 Qh7 35. Bxb4
Nxb4 36. c3 Nc6 37. b4 Kf7 38. Rb1 Rb8 39. b5 Ne7 40. Ra2 Qh6 41. Qd2 Qxd2 42.
Rxd2 Ng8 43. cxd4 exd4 44. Rdb2 Nh6 45. bxa6 bxa6 46. Rb7+ Rxb7 47. Rxb7+ Be7
48. Nd3 Rc8 49. Nf4 Ke8 50. Bd1 Bd6 51. Ba4+ Kf8 52. Bd7 Rb8 53. Ng6+ Kg7 54.
Ra7 Rb2+ 55. Kf1 Bb8 56. Rxa6 Nf7 57. Rb6 Rxb6 58. axb6 Ne5 59. Nxe5 Bxe5 60.
Be8 Kh6 61. b7 Kg5 62. Kf2 h4 63. Ba4 hxg3+ 64. hxg3 Bb8 65. Bd1 Bc7 66. Be2
1/2-1/2

[Event "Australasian Masters GM"]
[Site "Melbourne"]
[Date "2014.12.14"]
[Round "2.4"]
[White "Zelesco, Karl"]
[Black "Papin, Vasily"]
[Result "1/2-1/2"]
[WhiteElo "2256"]
[BlackElo "2502"]
[PlyCount "43"]
[EventDate "2014.12.??"]
[EventType "tourn"]
[EventRounds "9"]
[EventCountry "AUS"]
[SourceDate "2014.12.14"]

1. d4 d5 2. c4 e6 3. Nc3 c6 4. e4 dxe4 5. Nxe4 Bb4+ 6. Bd2 Qxd4 7. Bxb4 Qxe4+
8. Ne2 Na6 9. Bf8 Ne7 10. Bxg7 Rg8 11. Qd4 Qxd4 12. Bxd4 c5 13. Bc3 Nb4 14.
Bxb4 cxb4 15. Nd4 Bd7 16. O-O-O Rc8 17. g3 Nc6 18. Nb5 Ke7 19. Nd6 Rc7 20. Nb5
Rcc8 21. Nd6 Rc7 22. Nb5 1/2-1/2

[Event "Australasian Masters GM"]
[Site "Melbourne"]
[Date "2014.12.14"]
[Round "2.5"]
[White "Illingworth, Max"]
[Black "Ikeda, Junta"]
[Result "1-0"]
[WhiteElo "2493"]
[BlackElo "2418"]
[PlyCount "53"]
[EventDate "2014.12.??"]
[EventType "tourn"]
[EventRounds "9"]
[EventCountry "AUS"]
[SourceDate "2014.12.14"]

1. d4 d5 2. Nf3 e6 3. c4 c6 4. Nc3 Nd7 5. e4 dxe4 6. Nxe4 Ngf6 7. Bd3 c5 8. Qa4
Nxe4 9. Bxe4 cxd4 10. O-O Bd6 11. Bg5 Qc7 12. c5 Bxc5 13. Rac1 Qd6 14. Rfd1 O-O
15. Nxd4 Nb6 16. Qc2 h6 17. Ne2 Qc7 18. Be3 f5 19. Bf3 e5 20. Bxc5 Rf6 21. Bxb6
Qxb6 22. Qc7 e4 23. Rd8+ Kh7 24. Bh5 Rc6 25. Rxc6 Qxc6 26. Nf4 Qxc7 27. Bg6#
1-0

[Event "Australasian Masters GM"]
[Site "Melbourne"]
[Date "2014.12.15"]
[Round "3.2"]
[White "Papin, Vasily"]
[Black "Illingworth, Max"]
[Result "1-0"]
[WhiteElo "2502"]
[BlackElo "2493"]
[PlyCount "87"]
[EventDate "2014.12.??"]
[EventType "tourn"]
[EventRounds "9"]
[EventCountry "AUS"]
[SourceDate "2014.12.14"]

1. c4 e5 2. e3 Nf6 3. Nc3 Nc6 4. a3 g6 5. Nf3 Bg7 6. Be2 O-O 7. Qc2 Re8 8. d3
d5 9. cxd5 Nxd5 10. O-O a5 11. Rd1 h6 12. Rb1 g5 13. h3 g4 14. hxg4 Bxg4 15.
Nh2 Be6 16. Bf3 f5 17. Bd2 Nb6 18. b3 Qe7 19. Bc1 Qc5 20. Bb2 Rad8 21. Rbc1 Bf7
22. Nf1 Re6 23. Nd2 Qe7 24. Nc4 Rg6 25. Ne2 a4 26. Nd2 axb3 27. Nxb3 e4 28.
dxe4 Bxb2 29. Rxd8+ Nxd8 30. exf5 Rxg2+ 31. Bxg2 Bxc1 32. Nexc1 Nc6 33. Nc5 Ne5
34. Ne6 Nbc4 35. Nd3 Qxa3 36. Nxe5 Qa1+ 37. Bf1 Nxe5 38. Qe4 Nc6 39. Nxc7 Qf6
40. Ne6 Ne7 41. Nd4 Kh7 42. Bd3 h5 43. Qxe7 Qg7+ 44. Kh2 1-0

[Event "Australasian Masters GM"]
[Site "Melbourne"]
[Date "2014.12.15"]
[Round "3.3"]
[White "Li, Luke"]
[Black "Zelesco, Karl"]
[Result "1/2-1/2"]
[WhiteElo "2342"]
[BlackElo "2256"]
[PlyCount "56"]
[EventDate "2014.12.??"]
[EventType "tourn"]
[EventRounds "9"]
[EventCountry "AUS"]
[SourceDate "2014.12.14"]

1. d4 Nf6 2. c4 g6 3. Nc3 d5 4. Nf3 Bg7 5. Qb3 dxc4 6. Qxc4 O-O 7. e4 Nc6 8.
Be2 e5 9. d5 Nd4 10. Nxd4 exd4 11. Qxd4 c6 12. Qc4 b5 13. Qb3 cxd5 14. exd5 b4
15. Qxb4 Nxd5 16. Nxd5 Qxd5 17. O-O Qe5 18. Bf3 Rb8 19. Qa4 Qd4 20. Qxd4 Bxd4
21. Rd1 Bg7 22. Be3 Rxb2 23. Bc5 Re8 24. Bc6 Rc2 25. Rab1 Bg4 26. Bxe8 Bxd1 27.
Rxd1 Rxc5 28. g3 Rc7 1/2-1/2

[Event "Australasian Masters GM"]
[Site "Melbourne"]
[Date "2014.12.15"]
[Round "3.4"]
[White "Ly, Moulthun"]
[Black "Cheng, Bobby"]
[Result "0-1"]
[WhiteElo "2463"]
[BlackElo "2435"]
[PlyCount "62"]
[EventDate "2014.12.??"]
[EventType "tourn"]
[EventRounds "9"]
[EventCountry "AUS"]
[SourceDate "2014.12.14"]

1. e4 g6 2. d4 Bg7 3. Nc3 c6 4. f4 d5 5. e5 Nh6 6. Nf3 O-O 7. Bd3 Bg4 8. O-O f6
9. Qe1 e6 10. exf6 Qxf6 11. Ne5 Bf5 12. Be2 Bxc2 13. g4 Qd8 14. Qd2 Be4 15.
Nxe4 dxe4 16. Qe3 Nd7 17. Bc4 Kh8 18. Bxe6 Nxe5 19. dxe5 Qe7 20. Bb3 Nxg4 21.
Qe2 Qh4 22. Bd2 Rae8 23. Bd1 h5 24. Bb4 Rf5 25. Bc2 g5 26. Be1 Qh3 27. Bxe4
Rxf4 28. Bf3 Bxe5 29. Bc3 Kg8 30. Kh1 Nxh2 31. Bg2 Nxf1+ 0-1

[Event "Australasian Masters GM"]
[Site "Melbourne"]
[Date "2014.12.15"]
[Round "3.5"]
[White "Khusnutdinov, Rustam"]
[Black "Smirnov, Anton"]
[Result "1/2-1/2"]
[WhiteElo "2472"]
[BlackElo "2420"]
[PlyCount "77"]
[EventDate "2014.12.??"]
[EventType "tourn"]
[EventRounds "9"]
[EventCountry "AUS"]
[SourceDate "2014.12.14"]

1. e4 c5 2. Nf3 d6 3. d4 cxd4 4. Nxd4 Nf6 5. Nc3 a6 6. Bc4 e6 7. Bb3 b5 8. Bg5
Be7 9. Qf3 Qc7 10. e5 Bb7 11. exd6 Bxd6 12. Qe3 Bc5 13. O-O-O Nc6 14. Qxe6+
fxe6 15. Nxe6 Qe7 16. Rhe1 Qxe6 17. Rxe6+ Ne7 18. Rde1 O-O-O 19. R1e5 Bd4 20.
Rxe7 Bxe5 21. Rxe5 Bxg2 22. a4 b4 23. Na2 Bf3 24. Be6+ Kb7 25. b3 Rhe8 26. Nxb4
Bg4 27. Bxf6 gxf6 28. Bd5+ Kb6 29. Rxe8 Rxe8 30. Bc4 Be6 31. Bxa6 Rg8 32. Bd3
Rg2 33. Bxh7 Rxh2 34. Be4 Rxf2 35. Nd3 Re2 36. Bg6 Rg2 37. Be4 Re2 38. Bg6 Rg2
39. Be4 1/2-1/2

[Event "Australasian Masters GM"]
[Site "Melbourne"]
[Date "2014.12.16"]
[Round "4.1"]
[White "Kazhgaleyev, Murtas"]
[Black "Smirnov, Anton"]
[Result "1/2-1/2"]
[WhiteElo "2576"]
[BlackElo "2420"]
[PlyCount "59"]
[EventDate "2014.12.??"]
[EventType "tourn"]
[EventRounds "9"]
[EventCountry "AUS"]
[SourceDate "2014.12.14"]

1. d4 d5 2. c4 c6 3. Nf3 Nf6 4. e3 Bg4 5. h3 Bh5 6. Qb3 Qb6 7. Nc3 e6 8. Ne5
Nfd7 9. Nd3 Bg6 10. Qxb6 axb6 11. Nf4 Na6 12. Nxg6 hxg6 13. a3 Nc7 14. b3 dxc4
15. bxc4 Rh5 16. Ra2 Rha5 17. Nb1 b5 18. cxb5 Nxb5 19. Bd2 R5a6 20. Bxb5 cxb5
21. Rb2 Bxa3 22. Nxa3 Rxa3 23. Ke2 Nf6 24. Rxb5 Ne4 25. Rhb1 Ra2 26. R5b2 Rxb2
27. Rxb2 Nd6 28. Bc3 Kd7 29. f3 b5 30. e4 1/2-1/2

[Event "Australasian Masters GM"]
[Site "Melbourne"]
[Date "2014.12.16"]
[Round "4.2"]
[White "Cheng, Bobby"]
[Black "Khusnutdinov, Rustam"]
[Result "1-0"]
[WhiteElo "2435"]
[BlackElo "2472"]
[PlyCount "96"]
[EventDate "2014.12.??"]
[EventType "tourn"]
[EventRounds "9"]
[EventCountry "AUS"]
[SourceDate "2014.12.14"]

1. d4 Nf6 2. Bg5 e6 3. Nd2 d5 4. e3 Be7 5. Bd3 O-O 6. Ngf3 c5 7. c3 Nc6 8. O-O
b6 9. Qe2 Bb7 10. a3 Nd7 11. Bf4 c4 12. Bc2 f5 13. Ba4 Nf6 14. h3 a6 15. Bc2
Nd7 16. b3 b5 17. Rfb1 cxb3 18. Nxb3 Rc8 19. a4 Na7 20. Qd2 Nb6 21. Na5 Ba8 22.
Ne5 Nxa4 23. Bxa4 bxa4 24. Nb7 Qe8 25. Nd3 Nb5 26. Nbc5 Bxc5 27. Nxc5 e5 28.
Bh2 a3 29. Nxa6 Nxc3 30. Rb3 exd4 31. Nc7 Qe7 32. exd4 Ne4 33. Qf4 g5 34. Qe5
Qxe5 35. Bxe5 Nd2 36. Rbxa3 Nc4 37. Rxa8 Nxe5 38. Rxc8 Rxc8 39. Nxd5 Ng6 40.
Ra5 Rc1+ 41. Kh2 Rd1 42. Ra7 h6 43. Ne3 Rd2 44. Nxf5 Rxf2 45. Nxh6+ Kf8 46. Kg3
Rd2 47. Rf7+ Ke8 48. Rg7 Nf4 1-0

[Event "Australasian Masters GM"]
[Site "Melbourne"]
[Date "2014.12.16"]
[Round "4.3"]
[White "Zelesco, Karl"]
[Black "Ly, Moulthun"]
[Result "0-1"]
[WhiteElo "2256"]
[BlackElo "2463"]
[PlyCount "80"]
[EventDate "2014.12.??"]
[EventType "tourn"]
[EventRounds "9"]
[EventCountry "AUS"]
[SourceDate "2014.12.14"]

1. d4 Nf6 2. c4 e6 3. Nc3 Bb4 4. e3 O-O 5. Nge2 c6 6. a3 Ba5 7. Qc2 d5 8. Ng3
Bc7 9. Be2 e5 10. dxe5 Bxe5 11. O-O Qe7 12. Bd2 Rd8 13. Rad1 dxc4 14. Bxc4 Bg4
15. f3 Be6 16. Bd3 Nbd7 17. f4 Bc7 18. b4 Nb6 19. Nce2 Bg4 20. e4 Rxd3 21. Qxd3
Rd8 22. Nd4 Bxd1 23. Rxd1 g6 24. e5 Ng4 25. h3 Na4 26. Nge2 Nb2 27. Qe4 Nf6 28.
Qc2 Nxd1 29. exf6 Qxf6 30. Nf3 Bb6+ 31. Kh2 Ne3 32. Qc1 Qe7 33. Ng3 Nd5 34. Ne5
Bc7 35. Ng4 h5 36. Nf2 f5 37. Qc4 Re8 38. b5 h4 39. Ngh1 Qe2 40. Qb3 Qxd2 0-1

[Event "Australasian Masters GM"]
[Site "Melbourne"]
[Date "2014.12.16"]
[Round "4.4"]
[White "Illingworth, Max"]
[Black "Li, Luke"]
[Result "0-1"]
[WhiteElo "2493"]
[BlackElo "2342"]
[PlyCount "52"]
[EventDate "2014.12.??"]
[EventType "tourn"]
[EventRounds "9"]
[EventCountry "AUS"]
[SourceDate "2014.12.14"]

1. d4 Nf6 2. c4 e6 3. Nc3 Bb4 4. f3 d5 5. a3 Bxc3+ 6. bxc3 c5 7. cxd5 Nxd5 8.
dxc5 f5 9. e4 fxe4 10. Qc2 O-O 11. fxe4 Nf6 12. Nf3 Nbd7 13. c6 Nc5 14. e5 Ng4
15. Be2 bxc6 16. Bg5 Qa5 17. h3 Nxe5 18. Nxe5 Nb3 19. Qxb3 Qxe5 20. Be7 Ba6 21.
Ra2 Rab8 22. Bb4 c5 23. c4 cxb4 24. axb4 Bxc4 25. Qxc4 Rbc8 26. Ra5 Qg3+ 0-1

[Event "Australasian Masters GM"]
[Site "Melbourne"]
[Date "2014.12.16"]
[Round "4.5"]
[White "Ikeda, Junta"]
[Black "Papin, Vasily"]
[Result "0-1"]
[WhiteElo "2418"]
[BlackElo "2502"]
[PlyCount "72"]
[EventDate "2014.12.??"]
[EventType "tourn"]
[EventRounds "9"]
[EventCountry "AUS"]
[SourceDate "2014.12.14"]

1. b3 b6 2. e4 Bb7 3. Nc3 c5 4. Bb2 Nc6 5. Nf3 e6 6. d4 cxd4 7. Nxd4 Nf6 8.
Nxc6 Bxc6 9. Bd3 Bb4 10. O-O O-O 11. e5 Bxc3 12. Bxc3 Nd5 13. Bd2 Qh4 14. f4
Ne7 15. Be1 Qh6 16. Qe2 f6 17. Bd2 Qh4 18. a4 fxe5 19. Qxe5 Ng6 20. Qe3 Ne7 21.
c4 Nf5 22. Qe5 Rf6 23. Be1 Qh6 24. Ra2 d6 25. Qc3 Raf8 26. Be2 Rg6 27. Bf3 Qxf4
28. Bd2 Qd4+ 29. Kh1 Ng3+ 30. hxg3 Rh6+ 31. Bxh6 Qxc3 32. Bf4 Bxf3 33. Rxf3
Qe1+ 34. Kh2 e5 35. Bg5 Rxf3 36. gxf3 Qd1 0-1

[Event "Australasian Masters GM"]
[Site "Melbourne"]
[Date "2014.12.17"]
[Round "5.1"]
[White "Papin, Vasily"]
[Black "Kazhgaleyev, Murtas"]
[Result "0-1"]
[WhiteElo "2502"]
[BlackElo "2576"]
[PlyCount "94"]
[EventDate "2014.12.??"]
[EventType "tourn"]
[EventRounds "9"]
[EventCountry "AUS"]
[SourceDate "2014.12.14"]

1. c4 e6 2. Nf3 Nf6 3. Nc3 Bb4 4. Qc2 c5 5. e3 O-O 6. Be2 Nc6 7. O-O Qe7 8. b3
Bxc3 9. Qxc3 e5 10. d3 d5 11. cxd5 Nxd5 12. Qc2 Ndb4 13. Qc3 Nd5 14. Qc2 Bf5
15. a3 e4 16. dxe4 Bxe4 17. Qb2 a5 18. Rd1 Rfd8 19. Bd2 Rd6 20. Be1 Rad8 21.
Bc3 Nxc3 22. Qxc3 b6 23. h3 Bd5 24. Rac1 h6 25. Rd2 Bxf3 26. Rxd6 Bxe2 27.
Rxd8+ Qxd8 28. Re1 Ba6 29. f3 Qd5 30. Qc2 Qd3 31. Qxd3 Bxd3 32. Rd1 Bc2 33. Rd6
a4 34. Rxc6 axb3 35. Rxb6 c4 36. a4 c3 37. a5 b2 38. a6 Be4 39. fxe4 c2 40.
Rb8+ Kh7 41. a7 c1=Q+ 42. Kf2 Qa1 43. Kf3 Qxa7 44. Rxb2 Qa1 45. Rf2 h5 46. h4
Qe5 47. g3 Qe6 0-1

[Event "Australasian Masters GM"]
[Site "Melbourne"]
[Date "2014.12.17"]
[Round "5.2"]
[White "Li, Luke"]
[Black "Ikeda, Junta"]
[Result "1/2-1/2"]
[WhiteElo "2342"]
[BlackElo "2418"]
[PlyCount "143"]
[EventDate "2014.12.??"]
[EventType "tourn"]
[EventRounds "9"]
[EventCountry "AUS"]
[SourceDate "2014.12.14"]

1. d4 d5 2. c4 e6 3. Nf3 c6 4. Nc3 dxc4 5. a4 Bb4 6. g3 c5 7. Bg2 Nc6 8. Be3
Nf6 9. O-O O-O 10. dxc5 Qe7 11. Nd4 Na5 12. c6 Rd8 13. Qc2 Ng4 14. Rad1 Nxe3
15. fxe3 Bc5 16. Ne4 Bb6 17. Nd2 Bxd4 18. exd4 Nxc6 19. Bxc6 bxc6 20. Nxc4 Bd7
21. Ne5 Be8 22. Qc3 Rdc8 23. Qc5 Qxc5 24. dxc5 f6 25. Nc4 Bg6 26. Rd2 Rd8 27.
Rfd1 Rd5 28. Rxd5 cxd5 29. Nd6 Kf8 30. Rc1 Ke7 31. b4 e5 32. Nb7 Kd7 33. b5 Kc7
34. Na5 d4 35. Nc4 Bf7 36. a5 a6 37. b6+ Kc6 38. Nd6 Be6 39. Kf2 Rb8 40. Ke1
Bd7 41. Kd2 Kd5 42. e3 Kc6 43. exd4 exd4 44. Kd3 Kd5 45. Rc4 Bh3 46. Rxd4+ Kxc5
47. Ne4+ Kb5 48. Rd5+ Kb4 49. Nc5 Bf1+ 50. Kd4 Bb5 51. Nd7 Bxd7 52. Rxd7 Kxa5
53. Rxg7 Rxb6 54. Rxh7 Kb4 55. Ra7 a5 56. h4 a4 57. h5 f5 58. Ke5 Rh6 59. Rb7+
Kc3 60. Ra7 Kb3 61. Kxf5 Rxh5+ 62. Kf6 Rh6+ 63. Kf5 a3 64. g4 a2 65. g5 Rc6 66.
g6 Rc5+ 67. Kf6 Rc6+ 68. Kf5 Rc7 69. Rxa2 Kxa2 70. Kf6 Rc6+ 71. Kf7 Rxg6 72.
Kxg6 1/2-1/2

[Event "Australasian Masters GM"]
[Site "Melbourne"]
[Date "2014.12.17"]
[Round "5.3"]
[White "Ly, Moulthun"]
[Black "Illingworth, Max"]
[Result "0-1"]
[WhiteElo "2463"]
[BlackElo "2493"]
[PlyCount "172"]
[EventDate "2014.12.??"]
[EventType "tourn"]
[EventRounds "9"]
[EventCountry "AUS"]
[SourceDate "2014.12.14"]

1. e4 c5 2. Nf3 d6 3. d4 Nf6 4. Nc3 cxd4 5. Nxd4 a6 6. Be2 e6 7. Be3 Qc7 8. O-O
b5 9. a4 b4 10. Na2 Nxe4 11. Nxb4 d5 12. Qe1 Bd6 13. Nf3 Bb7 14. c4 Qe7 15. Nc2
Nc6 16. cxd5 Nb4 17. Nxb4 Bxb4 18. Qd1 Bxd5 19. Rc1 O-O 20. Qc2 Qb7 21. Bc4
Bxc4 22. Qxc4 Rfc8 23. Qe2 Be7 24. Bd4 Nf6 25. Ne5 Nd5 26. g3 Bf6 27. Nf3 Be7
28. h4 h6 29. Kh2 a5 30. Be5 Qb3 31. Qe4 Bf6 32. Nd2 Qb6 33. Kg1 Bxe5 34. Qxe5
Qb4 35. Ne4 Qxa4 36. Nd6 Rxc1 37. Rxc1 Rd8 38. Nb7 Rf8 39. Qe1 Qb5 40. Nxa5 Nb4
41. Nb3 Nd5 42. Qd1 Rb8 43. Nd2 Qxb2 44. Rb1 Qe5 45. Rxb8+ Qxb8 46. Nf3 Qb6 47.
Qc2 g6 48. Ne5 Kg7 49. Qc1 Qd4 50. Nf3 Qf6 51. Kg2 Kh7 52. Qd2 Qf5 53. Qd4 Qf6
54. Ne5 Kg7 55. Qb2 Ne7 56. Qb8 Nf5 57. Qb2 Kh7 58. Qc3 h5 59. Qc7 Kg7 60. Nf3
Qe7 61. Qc3+ f6 62. Ng5 e5 63. Ne4 Nd4 64. f3 Qf7 65. Kh3 Qd7+ 66. Kg2 Nf5 67.
Kh2 Ne7 68. Qa3 Nd5 69. Qa6 Qe7 70. Qc6 Ne3 71. Nd6 Kh7 72. Ne4 Kg7 73. Nd6 f5
74. Ne8+ Kh6 75. Nf6 Qa3 76. Ng8+ Kg7 77. Kh3 Qd3 78. Qf6+ Kxg8 79. Qxg6+ Kf8
80. Qf6+ Ke8 81. Qxe5+ Kd7 82. Qg7+ Kc6 83. Qf6+ Kc5 84. Qf8+ Kc4 85. Qc8+ Kb3
86. Qb7+ Kc2 0-1

[Event "Australasian Masters GM"]
[Site "Melbourne"]
[Date "2014.12.17"]
[Round "5.4"]
[White "Khusnutdinov, Rustam"]
[Black "Zelesco, Karl"]
[Result "1-0"]
[WhiteElo "2472"]
[BlackElo "2256"]
[PlyCount "107"]
[EventDate "2014.12.??"]
[EventType "tourn"]
[EventRounds "9"]
[EventCountry "AUS"]
[SourceDate "2014.12.14"]

1. e4 e6 2. d4 d5 3. e5 c5 4. c3 Nc6 5. Nf3 Bd7 6. Be2 Nge7 7. Na3 cxd4 8. cxd4
Nf5 9. Nc2 Qb6 10. O-O Rc8 11. Bd3 Nb4 12. Nxb4 Bxb4 13. a3 Be7 14. Bxf5 exf5
15. Bg5 Bf8 16. h4 h6 17. Bf4 Be7 18. Qd2 O-O 19. Rac1 a5 20. Rxc8 Rxc8 21. Rc1
Rxc1+ 22. Qxc1 Qd8 23. g3 Qb6 24. Be3 Qc6 25. Qd2 b6 26. Ne1 Qc4 27. Ng2 Bb5
28. Qd1 Ba4 29. Qd2 Bb5 30. Qc1 Kh7 31. Qb1 Qd3 32. Qxd3 Bxd3 33. f3 f6 34. Nf4
Bc4 35. h5 Kg8 36. Kf2 Kf7 37. e6+ Ke8 38. Ng6 Ba6 39. Nh4 Bd3 40. Bf4 b5 41.
Ke3 Bb1 42. Bc7 b4 43. a4 Bd8 44. Bxd8 Kxd8 45. Kd2 Ke7 46. Ng6+ Kxe6 47. Nf4+
Kd6 48. b3 Kc6 49. Kc1 Ba2 50. Kb2 Bxb3 51. Kxb3 Kd6 52. Kc2 Kc6 53. Ne6 g6 54.
hxg6 1-0